| 000 | 00524nam a22001817a 4500 | ||
|---|---|---|---|
| 999 |
_c192201 _d192201 |
||
| 005 | 20220913154140.0 | ||
| 010 | _aENG-135045 | ||
| 020 |
_a978-93-84721-47-3 _c350.00 |
||
| 035 | _aEN-118577 | ||
| 037 | _bDBAD/PUB | ||
| 082 | _a294.543 | ||
| 100 | _aBanerji, Debashish | ||
| 245 |
_aMeditations on the I'sa Upanisad/ _cDebasish Banerji |
||
| 260 |
_bSri Aurobindo Samiti _c2020 |
||
| 270 |
_bKolkatta _a8, Shakespeare Sarani _e700073 |
||
| 300 |
_a142p. _c21cm(hbk) |
||
| 942 |
_2ddc _cEN _h294.543 _mBAN |
||